000 01019nam a2200265 a 4500
003 AR-BaBNM
005 20251128203041.0
008 082120s2002 ||||||||||||||000 | spa||
040 _cAR-BaBNM
100 1 _aKuethe, James L.
245 0 0 _aLos procesos de enseñar y aprender
250 _a1ª ed.
260 _aBuenos Aires
_bCentro Regional de Ayuda Técnica. Agencia para el Desarrollo Internacional
_bPaidós
_c1971
300 _a192 p.
_btablas, diagr.
500 _aEsta edición ha sido preparada por el Centro Regional de Ayuda Técnica, Agencia para el Desarrollo Internacional, Departamento de Estado del Gobierno de los Estados Unidos de Norteamérica
504 _aBibliografía: p. 191-192
650 4 _aTEORIAS DEL APRENDIZAJE
650 4 _aMOTIVACION DEL ALUMNO
650 4 _aMETODOS DE ENSEÑANZA
653 _aPROCESO DE ENSEÑANZA-APRENDIZAJE
700 1 _aHochberger de Sternbach, Susana
_etraductor
700 1 _aKutnowski de Gomel, Silvia
_etraductor
942 _cBK
998 _csilvi
999 _c1665
_d1665